Tratado del impuesto a las ganancias (Registro nro. 133)

Detalles MARC
000 -LEADER
fixed length control field 01936 a2200277 4500
001 - CONTROL NUMBER
control field 172
005 - DATE AND TIME OF LATEST TRANSACTION
control field 20260407155414.0
008 - FIXED-LENGTH DATA ELEMENTS--GENERAL INFORMATION
fixed length control field 260407a2007 arg spa d
003 - CONTROL NUMBER IDENTIFIER
control field AR-UNSa-BCEJYS
040 ## - CATALOGING SOURCE
Original cataloging agency AR-UNSa-BCEJYS
Language of cataloging spa
Transcribing agency AR-UNSa-BCEJYS
080 ## - UNIVERSAL DECIMAL CLASSIFICATION NUMBER
Universal Decimal Classification number 336.226.1
Common auxiliary subdivision Impuestos a las ganancias o los beneficios (Impuesto Diferido)
020 ## - INTERNATIONAL STANDARD BOOK NUMBER
International Standard Book Number 978-987-01-0679-1
100 1# - MAIN ENTRY--PERSONAL NAME
Personal name Lorenzo, Armando
245 10 - TITLE STATEMENT
Title Tratado del impuesto a las ganancias
250 ## - EDITION STATEMENT
Edition statement 2a. ed
264 #1 - PRODUCTION, PUBLICATION, DISTRIBUTION, MANUFACTURE, AND COPYRIGHT NOTICE
Place of production, publication, distribution, manufacture Buenos Aires :
Name of producer, publisher, distributor, manufacturer Errepar
Date of production, publication, distribution, manufacture, or copyright notice 2007
300 ## - PHYSICAL DESCRIPTION
Extent 1041 p.
Dimensions 22 cm
505 ## - FORMATTED CONTENTS NOTE
Formatted contents note 1. Generalidades teóricas de la imposición sobre la renta - 2. Hecho imponible - 3. Exenciones - 4. Año fiscal e imputación - 5. Determinación del impuesto - 6. Salidas no documentadas - 7. Rentas de la primera categoría - 8. Rentas de la segunda categoría - 9. Rentas de la cuarta categoría - 10. Rentas de la tercera categoría - 11. Disposiciones de fondos y bienes - 12. Operaciones entre empresas vinculadas - 13. Empresas de construcción - 14. Valuación de inventarios - 15. Ajuste por inflación - 16. Operaciones en moneda extranjera - 17. Amortizaciones y deducciones por agotamiento - 18. Venta y reemplazo de bienes - 19. Distribuciones de utilidades - 20. Rescate de acciones y otras variaciones patrimoniales - 21. Reorganización de sociedades - 22. Operaciones, contratos e instrumentos financieros - 23. Beneficiarios en el exterior - 24. Rentas de fuente extranjera - 25. Convenios para aliviar o evitar la doble imposición internacional - 26. Liquidación e ingreso del impuesto - 27. Regímenes especiales
590 ## - LOCAL NOTE (RLIN)
Local note niveau_biblio:m niveau_hierar:0
700 1# - ADDED ENTRY--PERSONAL NAME
Personal name Bechara, Fabián
700 1# - ADDED ENTRY--PERSONAL NAME
Personal name Calcagno, Gabriel A
700 1# - ADDED ENTRY--PERSONAL NAME
Personal name Cavalli, César M.
700 1# - ADDED ENTRY--PERSONAL NAME
Personal name Edelstein, Andrés M.
856 41 - ELECTRONIC LOCATION AND ACCESS
Uniform Resource Identifier <a href="https://biblioeco.unsa.edu.ar/pmb/images/libros/Tratado del Impuesto a las Ganancias .jpg">https://biblioeco.unsa.edu.ar/pmb/images/libros/Tratado del Impuesto a las Ganancias .jpg</a>
Link text Imagen de portada
Electronic format type image/jpeg
942 ## - ADDED ENTRY ELEMENTS (KOHA)
Koha item type
Existencias
Withdrawn status Lost status Damaged status Not for loan Home library Current library Shelving location Date acquired Total checkouts Full call number Barcode Date last seen Price effective from Koha item type
        Biblioteca Prof. Eusebio Cleto del Rey Biblioteca Prof. Eusebio Cleto del Rey   07/04/2026   336.226.1 T776 2ed. L117456 07/04/2026 07/04/2026 Libro
        Biblioteca Prof. Eusebio Cleto del Rey Biblioteca Prof. Eusebio Cleto del Rey   07/04/2026   336.226.1 T776 2ed. L119212 07/04/2026 07/04/2026 Libro
        Biblioteca Prof. Eusebio Cleto del Rey Biblioteca Prof. Eusebio Cleto del Rey   07/04/2026   336.226.1 T776 2ed. L119213 07/04/2026 07/04/2026 Libro
        Biblioteca Prof. Eusebio Cleto del Rey Biblioteca Prof. Eusebio Cleto del Rey   07/04/2026   336.226.1 T776 2ed. L119214 07/04/2026 07/04/2026 Libro